000 00593nam a2200229 a 4500
999 _c6964
_d6964
001 6964
003 BD-JhCC
005 20180218085927.0
008 180203s1980 n |||| || | 001 0 eng d
020 _a0379206846
035 _a(BD-JhCC)6964
040 _aBD-JhCC
_dBD-JhCC
041 _aeng
082 _a920.00904
_bLEH 1980
100 _aLehnus, Donald J.
245 _aWho's On Time ? /
_cDonald J. Lehnus,
260 _aNew York :
_bOceana Publications, Inc.
_c1980
300 _a177 p. :
_c24 cm.
650 _aMagazine Covers
_zUnited States
942 _2ddc
_cBK